00422nam a2200169Ia 4500003000400000005001700004008004000021020001800061040000700079041000800086082001600094100001400110245006700124260003800191300001100229650001200240OSt20250812151205.0210210b2010 xxu||||| |||| 00| 0 eng d a9788125038634 cAL aeng a305.56 KUMD aRaj Kumar aDalit personal narrativesb: reading caste nation and identity aHyderabadbOrient BlackSwanc2010 ax,298p areading